000 00330nam a2200145Ia 4500
008 230718s9999 xx 000 0 und d
041 _aEng.
082 _a347.06
_bSAR-L
100 _aSarvathi, Vepa P.
245 0 _alaw of Evidence
260 _aPakistan
_bEastern book
_c2008
300 _a396
650 _aLaw
999 _c29720
_d29720